000 00353nam a2200133Ia 4500
020 _a9788176222334
082 _a551.6
_bBIS/CL
245 _aClimate change and agriculture
260 _aNewdelhi
_bBiotech Books
_c2012
300 _a331
650 _aEmerging scenarios and adaptation strategies
_91094
700 _aBisht,B S et al.
_91095
942 _cBK
999 _c14624
_d14624